|
|
|
|
| LEADER |
00000cam a2200000 7i4500 |
| 001 |
0000000717 |
| 005 |
20030721.0 |
| 090 |
0 |
0 |
|a 354.595006
|b MAL 1995
|
| 110 |
1 |
0 |
|a MALAYSIA
|
| 245 |
1 |
0 |
|a The civil service of Malaysia towards vision 2020 :
|b Improvements and development in the civil service of Malaysia 1994
|c report by Tan Sri Dato' Seri Ahmad Sarji bin Abdul Hamid, Chief Secretary to the Governemt
|
| 260 |
0 |
0 |
|a [Kuala Lumpur :
|b printed by Percetakan Nasional Malaysia ,
|c 1995]
|
| 300 |
|
|
|a xii, 345 p. :
|b ill. (chief col.) ;
|c 24 cm.
|
| 650 |
0 |
0 |
|a Civil service
|z Malaysia
|
| 650 |
0 |
0 |
|a Public administration
|z Malaysia
|
| 700 |
0 |
1 |
|a AHMAD Sarji bin Abdul Hamid
|f Tan Sri Dato' Seri ,
|c 1938-
|
| 745 |
0 |
0 |
|a Improvements and development in the civil service of Malaysia 1994
|
| 998 |
|
|
|a JPSM
|
| 999 |
|
|
|a 0000001816
|b Monograph
|c Open Shelf
|e Default branch
|
| 999 |
|
|
|a 0000001817
|b Monograph
|c Open Shelf
|e Default branch
|